| 000 | 00610nam a2200181 i 4500 | ||
|---|---|---|---|
| 001 | 37799 | ||
| 003 | ES-MaACL | ||
| 007 | t| | ||
| 008 | 030221s1983 sp ||||1| spa d | ||
| 020 | _a84-00-04294-8 | ||
| 100 | 1 |
_aCadenas y Vicent, Vicente de. _933391 |
|
| 245 | 1 | 0 |
_aDiccionario heráldico _b: términos, piezas y figuras usadas en la ciencia del blasón / _cVicente de Cadenas y Vicent. |
| 250 | _a3ª ed. | ||
| 260 |
_aMadrid : _bHidalguía, Instituto Salazar y Castro, _c1983. |
||
| 300 |
_a295 p. : _bil. ; _c26 cm. |
||
| 504 | _aBibliografía: p. 280-295. | ||
| 852 |
_aES-MaACL _jL-9776 _bR.111020 |
||
| 999 |
_c37799 _d37799 |
||